Joueurs les plus titrés SC2 - Statistiques

Statistiques générales
  • Ce quiz a été pris 7 fois
  • Le résultat moyen est 21 sur 36
Statistiques - réponses
Hint Réponse % Correct
France Terran Clem 8
100%
Corée du Sud Zerg Dark 9
100%
Corée du Sud Terran Maru 17
100%
Finlande Zerg Serral 26
100%
Corée du Sud Zerg Solar 7
100%
Corée du Sud Protoss herO 8
80%
Corée du Sud Protoss HerO 6
80%
Corée du Sud Terran INnoVation 10
80%
Etats-Unis Protoss Neeb 9
80%
Italie Zerg Reynor 11
80%
Corée du Sud Zerg Rogue 11
80%
Canada Zerg Scarlett 3
80%
Corée du Sud Zerg soO 3
80%
France Zerg Stephano 4
80%
Corée du Sud Protoss Zest 7
80%
Corée du Sud Terran ByuN 3
60%
Corée du Sud Zerg Life 10
60%
Corée du Sud Protoss MC 6
60%
Corée du Sud Terran Mvp 9
60%
Pologne Zerg Nerchio 3
60%
Corée du Sud Protoss PartinG 5
60%
Corée du Sud Protoss Classic 5
40%
Canada Protoss HuK 4
40%
Corée du Sud Terran MMA 9
40%
Corée du Sud Zerg NesTea 3
40%
Corée du Sud Terran Polt 8
40%
Corée du Sud Protoss Rain 5
40%
Corée du Sud Protoss sOs 5
40%
Corée du Sud Protoss Stats 5
40%
Corée du Sud Terran TaeJa 11
40%
Corée du Sud Terran Bomber 5
20%
Corée du Sud Zerg DRG 3
20%
Corée du Sud Zerg Leenock 4
20%
Corée du Sud Terran PuMa 4
20%
Corée du Sud Protoss Trap 7
20%
Corée du Sud Terran TY 4
20%
Aucun quiz correspondant
Distribution des résultats
% des personnes avec chaque résultat
Percentile par nombre de réponses
Votre historique - résultats
Vous n’avez pas pris ce quiz